Participácia doktorandov na vedecko-výskumnej činnosti II. medzinárodný vedecký seminár doktorandov, Bratislava, 19. október 2001 : zborník

Salvato in:
Dettagli Bibliografici
Enti autori: Participácia doktorandov na vedecko-výskumnej činnosti. Medzinárodný vedecký seminár doktorandov, Ekonomická univerzita v Bratislave. Fakulta hospodárskej informatiky
Natura: Libro
Lingua:slovacco
inglese
ceco
Pubblicazione: Bratislava [Fakulta hospodárskej informatiky EU] 2001
Soggetti:
Tags: Aggiungi Tag
Nessun Tag, puoi essere il primo ad aggiungerne!!

MARC

LEADER 00000nam a2200000 4500
001 c128842
005 20240104103021.4
020 |a 80-225-0171-9 
041 0 |a slo 
041 0 |a eng 
041 0 |a cze 
044 |a SK 
245 1 0 |a Participácia doktorandov na vedecko-výskumnej činnosti  |b II. medzinárodný vedecký seminár doktorandov, Bratislava, 19. október 2001 : zborník 
264 1 |a Bratislava  |b [Fakulta hospodárskej informatiky EU]  |c 2001 
300 |a 315 s. 
610 2 0 |a proces výrobný 
610 2 0 |a inovácia výrobkov 
610 2 0 |a systémy informačné podnikové 
610 2 0 |a expozícia účtovná 
610 2 0 |a modelovanie 
610 2 0 |a modely makroekonomické 
610 2 0 |a parita 
610 2 0 |a účtovníctvo bankové 
610 2 0 |a poistenie životné 
610 2 0 |a ukazovatele ekonomické 
610 2 0 |a Slovensko 
610 2 0 |a systémy kvality 
110 2 |a Participácia doktorandov na vedecko-výskumnej činnosti. Medzinárodný vedecký seminár doktorandov 
710 2 |a Ekonomická univerzita v Bratislave. Fakulta hospodárskej informatiky